| 000 | 01293nam a22003257i 4500 | ||
|---|---|---|---|
| 003 | EG-ScBUE | ||
| 005 | 20221124112012.0 | ||
| 008 | 220731s1997 ua f b 000 0dara d | ||
| 017 | _a97 / 13111 | ||
| 020 | _a9772359227 | ||
| 040 |
_aEG-ScBUE _bara _erda _cEG-ScBUE _dEG-ScBUE |
||
| 082 | 0 | 4 |
_222 _a892.726 _bل م ب |
| 100 | 1 |
_aلمباركية، صالح، _eمؤلف. |
|
| 245 | 1 | 0 |
_aبناء الشخصية فى مسرح الفريد فرج / _cصالح لمباركية. |
| 264 | 1 |
_aالقاهرة : _bالهيئة العامة لقصور الثقافة، _c[1997] |
|
| 300 |
_a277 صفحة ؛ _c20 سم. |
||
| 336 |
_2rdacontent _aنص _btxt |
||
| 337 |
_2rdamedia _aبدون وسيط _bn |
||
| 338 |
_2rdacarrier _aمجلد _bnc |
||
| 490 | 0 |
_aكتاب الثقافة الجديدة ؛ _v52 |
|
| 504 | _aيشتمل على إرجاعات ببليوجرافية. | ||
| 541 | _aBook from store. | ||
| 600 | 1 | 7 |
_aفرج، ألفريد، _d1929-2005. _2BUEsh |
| 650 | 7 |
_aالشخصية في الأدب العربي. _2BUEsh |
|
| 650 | 7 |
_aالمسرحيات العربية _xتاريخ ونقد. _2BUEsh |
|
| 650 | 7 |
_aالمسرح _zالدول العربية _xتاريخ. _2BUEsh |
|
| 653 |
_bARALIT _cNovember2022 |
||
| 655 | _vReading book | ||
| 942 | _2ddc | ||
| 999 |
_c30029 _d30000 |
||